| 000 | 00722nam a2200277Ia 4500 | ||
|---|---|---|---|
| 001 | 41855 | ||
| 005 | 20240114003440.0 | ||
| 007 | ta | ||
| 008 | 080514s2003 g b000 u asm u | ||
| 020 | _a81-87611-57-x | ||
| 040 | _aCotton College,Assam | ||
| 041 | _aasm | ||
| 082 |
_a891.41 _bBa 23 Pi |
||
| 100 | _aBora , Mahendra . | ||
| 245 | 0 |
_aPinocchio / _cCarlo Collodi`s. _hTextual Documents |
|
| 250 | _a3rd ed / | ||
| 260 |
_aGuwahati : _bSaraighat Prakashan , _c2003. |
||
| 300 |
_a129pg ; _c21cm. |
||
| 653 | _aAssamese-Collection of Essays | ||
| 653 | _aG-Assamese | ||
| 653 | _aT/G-Assamese Literature | ||
| 942 |
_2ddc _cBK |
||
| 999 |
_c41821 _d41821 |
||